ბათუმის შოთა რუსთაველის სახელმწიფო უნივერსიტეტის ბიბლიოთეკა

დენდროლოგია მცენარეთა გეოგრაფიის ელემენტებით.ნ1. (ბიბ.ჩანაწერი № 35409)

000 -LEADER
fixed length control field 00862nam a2200217Ia 4500
001 - CONTROL NUMBER
control field 1264
003 - CONTROL NUMBER IDENTIFIER
control field GE_BSU
008 - FIXED-LENGTH DATA ELEMENTS--GENERAL INFORMATION
fixed length control field 181216s||||||||xx |||||||||||||| ||und||
040 ## - CATALOGING SOURCE
Transcribing agency GE_BSU
080 ## - UNIVERSAL DECIMAL CLASSIFICATION NUMBER
Universal Decimal Classification number 581.526.42(075.8)
100 ## - MAIN ENTRY--PERSONAL NAME
Personal name აბაშიძე,ი.
245 ## - TITLE STATEMENT
Title დენდროლოგია მცენარეთა გეოგრაფიის ელემენტებით.ნ1.
260 ## - PUBLICATION, DISTRIBUTION, ETC.
Place of publication, distribution, etc. თბილისი.
260 ## - PUBLICATION, DISTRIBUTION, ETC.
Name of publisher, distributor, etc. სასოფლო საეურნეო ინსტიტუტის გამომცემლობა.
260 ## - PUBLICATION, DISTRIBUTION, ETC.
Date of publication, distribution, etc. 1959.
300 ## - PHYSICAL DESCRIPTION
Extent 349 გვ.23 სმ.
653 ## - INDEX TERM--UNCONTROLLED
Uncontrolled term დენდროლოგია მცენარეთა გეოგრაფიის ელემენტებით.
653 ## - INDEX TERM--UNCONTROLLED
Uncontrolled term დენდროლოგია.
942 ## - ADDED ENTRY ELEMENTS (KOHA)
Koha item type წიგნი
ეგზემპლარები
Withdrawn status Lost status Damaged status Not for loan Date acquired Barcode Date last seen Price effective from Koha item type
        2018-12-17 2746 2018-12-17 2018-12-17 წიგნი